Nommés au Ballon d'or depuis 2010 - Statistiques

Statistiques générales
  • Ce quiz a été pris 181 fois
  • Le résultat moyen est 218 sur 311
Statistiques - réponses
% Correct
1 | 2 | 3 | +2 others Cristiano Ronaldo
100%
1 | 2 | 5 Lionel Messi
100%
4 | 6 | 7 | 9 Kylian Mbappé
99%
1 | 4 | 16 | +5 others Karim Benzema
98%
3 | 5 | 7 | +4 others Neymar
97%
1 | 5 | 9 | +2 others Luka Modric
96%
2 | 3 | 4 | +3 others Andres Iniesta
95%
3 | 18 Antoine Griezmann
94%
3 | 4 | 15 Xavi
93%
3 | 7 | 19 | 23 Manuel Neuer
92%
2 | 4 | 8 | +3 others Robert Lewandowski
92%
3 | 8 | 9 | +3 others Kevin de Bruyne
91%
5 | 6 | 7 Mohamed Salah
90%
5 | 8 | 11 N'Golo Kanté
90%
3 Franck Ribéry
89%
2 | 4 | 22 | 23 Sadio Mané
88%
9 | 17 | 19 | 21 Toni Kroos
87%
4 | 5 | 6 | +3 others Luis Suarez
85%
15 | 22 Paul Pogba
85%
6 | 18 | 21 | 23 Sergio Ramos
85%
21 Thiago Silva
85%
4 | 8 | 14 | 22 Arjen Robben
84%
9 | 22 Bernardo Silva
84%
7 Raphaël Varane
84%
2 | 16 Virgil van Dijk
84%
4 | 10 | 11 | 13 Zlatan Ibrahimovic
84%
4 | 10 | 16 Gianluigi Buffon
81%
7 | 14 | 20 Thibaut Courtois
81%
5 | 6 | 13 | +2 others Thomas Muller
81%
10 | 11 Erling Haaland
80%
23 | 30 Hugo Lloris
80%
8 | 13 | 19 | +2 others Eden Hazard
78%
21 | 23 Gerard Piqué
75%
20 Sergio Busquets
75%
6 | 7 | 9 Iker Casillas
74%
10 | 21 | 23 Harry Kane
73%
17 Casemiro
72%
11 | 20 | 23 Edinson Cavani
72%
6 | 10 | 12 | +2 others Gareth Bale
72%
8 Vinicius Jr
72%
7 | 27 Alisson
71%
16 | 24 Marcelo
71%
8 | 9 Didier Drogba
69%
12 Romelu Lukaku
69%
11 Carles Puyol
66%
8 | 12 Samuel Eto'o
66%
13 | 16 | 17 | 20 Sergio Aguero
66%
10 Angel Di Maria
65%
3 Jorginho
64%
17 | 19 Roberto Firmino
64%
5 | 15 Wayne Rooney
64%
30 Joshua Kimmich
63%
9 Pepe
63%
6 | 14 | 23 Philipp Lahm
63%
19 | 22 Dani Alves
60%
8 | 14 David Villa
60%
11 Frenkie de Jong
60%
14 | 22 Leonardo Bonucci
60%
29 Marquinhos
60%
7 | 10 | 12 | 20 Riyad Mahrez
60%
7 | 9 Robin van Persie
60%
4 | 12 Wesley Sneijder
60%
11 | 22 Heung-min Son
58%
11 | 20 Pierre-Emerick Aubameyang
58%
13 Giorgio Chiellini
57%
25 Marc-André ter Stegen
57%
22 Lautaro Martinez
56%
15 | 22 Paulo Dybala
55%
8 | 19 James Rodriguez
54%
26 Jan Oblak
54%
11 | 13 | 14 | 16 Mesut Özil
54%
27 Ruben Dias
52%
19 | 23 Trent Alexander-Arnold
52%
27 Mats Hummels
51%
15 Matthijs de Ligt
51%
10 | 11 | 16 Xabi Alonso
51%
10 Alexis Sanchez
50%
20 | 23 Ivan Rakitic
50%
15 Fabinho
49%
15 Mario Gotze
49%
17 Dimitri Payet
48%
7 | 9 Andrea Pirlo
47%
12 | 15 Raheem Sterling
47%
12 | 14 Yaya Touré
47%
15 | 16 | 17 | 18 Bastian Schweinsteiger
46%
5 | 11 | 24 Falcao
46%
10 Gianluigi Donnarumma
46%
24 Pedri
46%
25 Mario Mandzukic
45%
21 Bruno Fernandes
44%
21 Miroslav Klose
44%
28 Antonio Rudiger
43%
20 David de Gea
43%
7 Diego Forlan
43%
8 Jamie Vardy
43%
29 Mike Maignan
43%
24 | 25 Phil Foden
41%
23 | 28 Diego Godin
40%
12 | 29 Isco
40%
29 Philippe Coutinho
39%
20 | 21 Cesc Fabregas
38%
11 Diego Costa
37%
14 Rafael Leao
37%
14 | 19 Javier Mascherano
36%
18 Eric Abidal
35%
14 | 17 Arturo Vidal
34%
27 Joao Cancelo
34%
23 Mario Balotelli
34%
22 Nani
34%
26 Christopher Nkunku
33%
28 Edin Dzeko
31%
28 Nicolo Barella
30%
30 Dries Mertens
28%
21 Dusan Tadic
27%
27 Georginio Wijnaldum
26%
28 Joao Félix
26%
19 Mason Mount
26%
19 Luis Diaz
25%
12 Rui Patricio
25%
18 Simon Kjaer
24%
25 Darwin Nunez
23%
24 Kalidou Koulibaly
23%
13 Sébastien Haller
22%
30 Donny van de Beek
21%
18 Dusan Vlahovic
21%
21 Pierre-Emerick Aubameyang
21%
29 César Azpilicueta
20%
19 Julio Cesar
18%
26 Gerard Moreno
14%
17 Maicon
14%
18 Asamoah Gyan
7%
5 Diego Forlan
2%
Aucun quiz correspondant
Distribution des résultats
% des personnes avec chaque résultat
Percentile par nombre de réponses
Votre historique - résultats
Vous n’avez pas pris ce quiz